Remesas y desarrollo en México: una visión crítica desde la macroeconomía /
Guardado en:
| Autor principal: | |
|---|---|
| Formato: | Texto |
| Materias: | |
| Etiquetas: |
Agregar Etiqueta
Sin Etiquetas, Sea el primero en etiquetar este registro!
|
MARC
| LEADER | 00000 a a2200000 04500 | ||
|---|---|---|---|
| 001 | 11646 | ||
| 003 | |||
| 040 | |||
| 100 | |a Canales, Alejandro I. | ||
| 245 | |a Remesas y desarrollo en México: |b una visión crítica desde la macroeconomía / |c Alejandro I. Canales | ||
| 650 | |a REMESAS | ||
| 650 | |a MIGRACION | ||
| 650 | |a DESARROLLO ECONOMICO | ||
| 650 | |a MEXICO | ||
| 650 | |a REMESAS | ||
| 773 | |g volumen 12, número 50; páginas 171-196 | ||
| 999 | |c 38544 |d 38544 | ||
